| 000 | 00457nam a2200169Ia 4500 | ||
|---|---|---|---|
| 005 | 20250508152201.0 | ||
| 008 | 008 250505s9999 xx 000 0 eng d | ||
| 037 | _aTextual | ||
| 040 |
_aFEDL _beng _cFEDL |
||
| 041 |
_aeng _2eng |
||
| 084 |
_a185, ART _qFEDL |
||
| 245 | 0 | _aAristotle's metaphysics | |
| 260 |
_aLondon, UK _bJ. M. Dent and Sons Ltd. _c1956 |
||
| 300 | _axxvii,388p | ||
| 942 |
_cTEXL _h185, ART |
||
| 999 |
_c1334827 _d1334827 |
||